书目信息 |
| 题名: |
东北秧歌典型人物表演训练教程
|
|
| 作者: | 王海峰 编著 | |
| 分册: | ||
| 出版信息: | 北京 中国纺织出版社有限公司 2019.11 |
|
| 页数: | 231页 | |
| 开本: | 24cm | |
| 丛书名: | ||
| 单 册: | ||
| 中图分类: | J722.211 | |
| 科图分类: | ||
| 主题词: | 秧歌舞--舞蹈训练--东北地区--教材 | |
| 电子资源: | ||
| ISBN: | 978-7-5180-6996-5 | |
| 000 | 00821nam0 2200229 45 | |
| 001 | 489840 | |
| 005 | 20140818181004.0 | |
| 010 | @a978-7-5180-6996-5@dCNY59.00 | |
| 100 | @a20201207d2019 em y0chiy0110 ea | |
| 101 | 0 | @achi |
| 102 | @aCN@b110000 | |
| 105 | @aa z 000yy | |
| 106 | @ar | |
| 200 | 1 | @a东北秧歌典型人物表演训练教程@Adong bei yang ge dian xing ren wu biao yan xun lian jiao cheng@f王海峰编著 |
| 210 | @a北京@c中国纺织出版社有限公司@d2019.11 | |
| 215 | @a231页@c图,照片@d24cm | |
| 330 | @a本书分七章,内容包括:东北秧歌的起源与发展、东北秧歌的文化阐释、东北秧歌的表演形式和内容、东北秧歌中的典型人物角色分析等。 | |
| 606 | 0 | @a秧歌舞@x舞蹈训练@y东北地区@j教材 |
| 690 | @aJ722.211@v5 | |
| 701 | 0 | @a王海峰@Awang hai feng@4编著 |
| 801 | @aCN@b江苏凤凰@c20211018 | |
| 905 | @b1356584-7@dJ722.211@e319@f4 | |
| 东北秧歌典型人物表演训练教程/王海峰编著.-北京:中国纺织出版社有限公司,2019.11 |
| 231页:图,照片;24cm |
| ISBN 978-7-5180-6996-5:CNY59.00 |
| 本书分七章,内容包括:东北秧歌的起源与发展、东北秧歌的文化阐释、东北秧歌的表演形式和内容、东北秧歌中的典型人物角色分析等。 |
| ● |
| 相关链接 |
|
|
|
|
正题名:东北秧歌典型人物表演训练教程
索取号:J722.211/319
 
预约/预借
| 序号 | 登录号 | 条形码 | 馆藏地/架位号 | 状态 | 备注 |
| 1 | 1356584 | 213565845 | 第一样本阅览室/ [索取号:J722.211/319] | 在馆 | |
| 2 | 1356585 | 213565854 | 第一借阅区/ [索取号:J722.211/319] | 在馆 | |
| 3 | 1356586 | 213565863 | 第一借阅区/ [索取号:J722.211/319] | 在馆 | |
| 4 | 1356587 | 213565872 | 第一借阅区/ [索取号:J722.211/319] | 在馆 |